| 000 -LEADER |
| fixed length control field |
00725cam a22002295i 4500 |
| 001 - CONTROL NUMBER |
| control field |
18197688 |
| 005 - DATE AND TIME OF LATEST TRANSACTION |
| control field |
20180201081708.0 |
| 008 - FIXED-LENGTH DATA ELEMENTS--GENERAL INFORMATION |
| fixed length control field |
140623s2014 nyu 000 0 eng |
| 010 ## - LIBRARY OF CONGRESS CONTROL NUMBER |
| LC control number |
2014943983 |
| 020 ## - INTERNATIONAL STANDARD BOOK NUMBER |
| International Standard Book Number |
9781631179389 (softcover) |
| 040 ## - CATALOGING SOURCE |
| Original cataloging agency |
DLC |
| Language of cataloging |
eng |
| Description conventions |
rda |
| Transcribing agency |
DLC |
| 041 ## - LANGUAGE CODE |
| Language code of text/sound track or separate title |
eng |
| 042 ## - AUTHENTICATION CODE |
| Authentication code |
pcc |
| 080 ## - UNIVERSAL DECIMAL CLASSIFICATION NUMBER |
| Universal Decimal Classification number |
54 mar |
| 100 ## - Rafti |
| Rafti |
12 |
| 101 ## - Shkurtesa |
| Shkurtesa |
kim |
| 245 00 - TITLE STATEMENT |
| Title |
Staphylococcus aureus and coagulase-negative staphylococci : |
| Statement of responsibility, etc |
[edited by] Maria de Lourdes Ribeiro de Souza da Cunha. |
| 263 ## - PROJECTED PUBLICATION DATE |
| Projected publication date |
1409 |
| 906 ## - LOCAL DATA ELEMENT F, LDF (RLIN) |
| a |
0 |
| b |
ibc |
| c |
orignew |
| d |
2 |
| e |
epcn |
| f |
20 |
| g |
y-gencatlg |
| 942 ## - ADDED ENTRY ELEMENTS (KOHA) |
| Source of classification or shelving scheme |
|
| Item type |
Books |